000 00615nai a2200181Ia 4500
003 IN-BaIIA
008 211028c9999 xx s 000 0 eng d
022 _a1460-2695 (Online)
022 _a8756-758X (Print)
040 _cIIA Library
245 0 _aFatigue & Fracture of Engineering Materials & Structures
_h[eJournal]
260 _aNew Jersey
_bJohn Wiley & Sons
310 _aMonthly
362 _a20(1); 1997 - Present
521 _bSubscribed through National Knowledge Resource Consortium (NKRC)
856 _uhttps://onlinelibrary.wiley.com/journal/14602695
_yClick Here to Access eJournal
942 _cEJ
999 _c34369
_d34369